20 largest US cities by GDP - Statistics

General Stats
  • This quiz has been taken 146 times
    122 since last reset
  • The average score is 17 of 20
Answer Stats
GDP Answer % Correct
1.8 Trillion New York
100%
689 Billion Chicago
99%
479 Billion Houston
99%
1 Trillion Los Angeles
99%
512 Billion Dallas
98%
549 Billion San Francisco
97%
355 Billion Miami
96%
464 Billion Boston
94%
392 Billion Seattle
93%
397 Billion Atlanta
92%
541 Billion Washington, DC
92%
444 Billion Philadelphia
91%
268 Billion Detroit
89%
214 Billion Denver
87%
255 Billion Phoenix
87%
245 Billion San Diego
87%
205 BIllion Baltimore
77%
264 Billion Minneapolis
76%
331 Billion San Jose
72%
187 Billion Riverside
21%
No matching quizzes found
Score Distribution
Percent of People with Each Score
Percentile by Number Answered
Your Score History
You have not taken this quiz since the last reset